01213cam a22002777a 45000010009000000050017000090080041000260100017000670200018000840200015001020350024001170400032001410420014001730820016001871000030002032450090002332600081003233000033004045000017004375050283004545460025007376000030007626500040007927000033008327100070008651796950620220326193318.0131212s2012 cr a 000 0dspa d a 2013374777 a9789930944363 a9930944362 a(OCoLC)ocn879676390 aLRUcLRUdOCLCOdOCLCAdDLC alccopycat a708bCh512p1 aArrieta, Fabrizio,d1982-13aEl principio del fín /cFabricio Arrieta ; María José Chavarría, curaduría. aSan José, Costa Rica :bMuseo de Arte y Diseño Contemporáneo,c[2012]. a48 p. :bcol. ill. ;c25 cm. aCover title. tImagen/texto/ImagenrFiorella ResenterratDesde el principio del fin rMaria Jose Chavarria tObras y referencias tEl principio del fin - o quizas el final del comienzo: ciertas apropiaciones y paradojas de la imagen rErnesto CalvotTraducciones tCurriculim Vitae tCreditos  aSpanish and English.10aArrieta, Fabrizio,d1982- 0aPainting, Costa RicanvExhibitions.1 aChavarría, María José.2 aMuseo de Arte y Diseño Contemporáneo (San José, Costa Rica)